Impact of existing irrigation schemes in the Terai region : An evaluation report (Record no. 15087)
[ view plain ]
| 000 -LEADER | |
|---|---|
| fixed length control field | 00449nam a2200157Ia 4500 |
| 082 ## - DEWEY DECIMAL CLASSIFICATION NUMBER | |
| Classification number | RC.006; |
| 100 ## - MAIN ENTRY--AUTHOR NAME | |
| Personal name | Subba, T.B. |
| 245 #0 - TITLE STATEMENT | |
| Title | Impact of existing irrigation schemes in the Terai region : An evaluation report |
| 260 ## - PUBLICATION, DISTRIBUTION, ETC. (IMPRINT) | |
| Year of publication | 1986 |
| 300 ## - PHYSICAL DESCRIPTION | |
| Number of Pages | 115p. |
| 650 ## - SUBJECT ADDED ENTRY--TOPICAL TERM | |
| Topical Term | IRRIGATION - WEST BENGAL - TARAI REGION |
| 700 ## - ADDED ENTRY--PERSONAL NAME | |
| Personal name | Mukhopadhyay, R.S. |
| 700 ## - ADDED ENTRY--PERSONAL NAME | |
| Personal name | Choudhury, N.C. |
| 710 ## - ADDED ENTRY--CORPORATE NAME | |
| Corporate name or jurisdiction name as entry element | West Bengal, Department of Agriculture |
| 942 ## - ADDED ENTRY ELEMENTS (KOHA) | |
| Koha item type | Research Reports |
| Source of classification or shelving scheme | Dewey Decimal Classification |
| Withdrawn status | Lost status | Damaged status | Not for loan | Collection code | Home library | Current library | Date acquired | Bill Date | Full call number | Accession Number | Price effective from | Koha item type |
|---|---|---|---|---|---|---|---|---|---|---|---|---|
| Not For Loan | ICSSR Research Project Reports | NASSDOC Library | NASSDOC Library | 08/10/2004 | 2004-10-22 | RC.006; | 25984 | 18/04/2019 | Research Reports |
